[Event "chess.com Speed 3m+1spm 2018"]
[Site "chess.com INT"]
[Date "2018.12.02"]
[Round "4.16"]
[White "So,W"]
[Black "Nakamura,Hi"]
[Result "0-1"]
[WhiteElo "2780"]
[BlackElo "2777"]

1.e4 e5 2.Nf3 Nc6 3.Bc4 Bc5 4.O-O Nf6 5.d3 d6 6.c3 O-O 7.Re1 h6 8.Nbd2 Be6
9.Bxe6 fxe6 10.b4 Bb6 11.Nc4 Ng4 12.Rf1 Nf6 13.a4 a6 14.Nxb6 cxb6 15.Re1 Qd7
16.Bd2 b5 17.c4 bxa4 18.Qxa4 Qf7 19.h3 Nh5 20.Be3 Qg6 21.Nh4 Qf6 22.Nf3 Nd4
23.Bxd4 exd4 24.e5 Qg6 25.Kh2 Nf4 26.Rg1 dxe5 27.Nxe5 Qh5 28.Ng4 Nxd3 29.Qd7 Nxf2
30.Nxf2 Qe5+ 31.Kh1 Rxf2 32.Rae1 Re2 33.Rxe2 Qxe2 34.Qxd4 Rf8 35.c5 Rf7 36.Qd6 Kh7
37.c6 bxc6 38.Qxc6 Rf4 39.Ra1 Rxb4 40.Qc3 Rf4 41.Kh2 Rf2 42.Qg3 Rxg2+ 43.Qxg2 Qe5+
44.Qg3 Qxa1 45.Qd3+ Kg8 46.Qd8+ Kf7 47.Qd7+ Kf6 48.Qd8+ Kf5 49.Qd3+ Ke5 50.Qe3+ Kd5
51.Qf3+ Kd6 52.Qd3+ Ke7  0-1

[Event "chess.com Speed 3m+1spm 2018"]
[Site "chess.com INT"]
[Date "2018.12.02"]
[Round "4.11"]
[White "Nakamura,Hi"]
[Black "So,W"]
[Result "1/2-1/2"]
[WhiteElo "2777"]
[BlackElo "2780"]

1.d4 Nf6 2.Nf3 d5 3.c4 e6 4.Nc3 c5 5.e3 Nc6 6.dxc5 Bxc5 7.cxd5 Nxd5 8.Bd2 O-O
9.Bc4 Nf6 10.O-O b6 11.a3 Bb7 12.Qe2 Qe7 13.Rfd1 Rfd8 14.Rac1 Bd6 15.Ba6 Ne5
16.Bxb7 Qxb7 17.Nb5 Nxf3+ 18.Qxf3 Qxf3 19.gxf3 Be5 20.Bc3 Rxd1+ 21.Rxd1 Bxc3
22.Nxc3 Kf8 23.Rd4 Ke7 24.Rc4 Kd7 25.Rd4+ Ke7 26.Rc4 Kd7 27.Kf1 a6 28.Rd4+ Ke7
29.a4 Rc8 30.Rb4 Rc6 31.Ke2 Nd7 32.f4 Rc5 33.Kf3 Rh5 34.Kg2 Rc5 35.Rd4 h6
36.h4 Rh5 37.Kg3 Rc5 38.Rb4 Rc6 39.Ne2 Rc5 40.Nc3 Rc6  1/2-1/2

[Event "chess.com Speed 5m+1spm 2018"]
[Site "chess.com INT"]
[Date "2018.12.02"]
[Round "4.10"]
[White "So,W"]
[Black "Nakamura,Hi"]
[Result "1-0"]
[WhiteElo "2780"]
[BlackElo "2777"]

1.e4 e5 2.Nf3 Nc6 3.Bc4 Bc5 4.O-O Nf6 5.d3 d6 6.c3 O-O 7.Re1 h6 8.Nbd2 Be6
9.b4 Bb6 10.a4 a6 11.Bxe6 fxe6 12.Nc4 Ba7 13.Be3 Bxe3 14.Nxe3 Ne7 15.Nf1 Ng6
16.Ng3 a5 17.Qb3 Qe7 18.b5 Nd7 19.d4 Kh7 20.Re3 Qf7 21.Rd1 exd4 22.cxd4 e5
23.Qc2 Rac8 24.Rc3 Nb6 25.Rc1 Qf6 26.dxe5 Nxe5 27.Nd4 Kh8 28.Ndf5 g6 29.Ne3 Rf7
30.h3 h5 31.Nd5 Nxd5 32.exd5 Qf4 33.Ne4 Re8 34.b6 Nd7 35.bxc7 Nb6 36.c8=Q  1-0

[Event "chess.com Speed 5m+1spm 2018"]
[Site "chess.com INT"]
[Date "2018.12.02"]
[Round "4.2"]
[White "So,W"]
[Black "Nakamura,Hi"]
[Result "1/2-1/2"]
[WhiteElo "2780"]
[BlackElo "2777"]

1.e4 e5 2.Nf3 Nc6 3.Bc4 Bc5 4.O-O Nf6 5.d3 d6 6.c3 a6 7.a4 O-O 8.h3 Be6 9.Bxe6 fxe6
10.b4 Ba7 11.Re1 Qd7 12.Be3 Bxe3 13.Rxe3 Ne7 14.Nbd2 Ng6 15.Nf1 h6 16.Ng3 Rae8
17.d4 exd4 18.cxd4 e5 19.Rc1 Kh7 20.b5 axb5 21.axb5 Rf7 22.Qb3 Nf4 23.dxe5 dxe5
24.Kh2 Qe6 25.Qxe6 Rxe6 26.Rc5 Ng6 27.Rd3 Ne8 28.Nf5 Nf6 29.Ng3 Ne8 30.Nf5 Nf6
31.Ng3  1/2-1/2

[Event "chess.com Speed 5m+1spm 2018"]
[Site "chess.com INT"]
[Date "2018.12.02"]
[Round "4.1"]
[White "Nakamura,Hi"]
[Black "So,W"]
[Result "0-1"]
[WhiteElo "2777"]
[BlackElo "2780"]

1.d4 Nf6 2.Nf3 e6 3.e3 c5 4.Bd3 b6 5.O-O Bb7 6.c4 Be7 7.Nc3 cxd4 8.exd4 d5
9.cxd5 Nxd5 10.Bb5+ Bc6 11.Qa4 Qd7 12.Bxc6 Nxc6 13.Be3 Nxc3 14.bxc3 O-O 15.Rfd1 Rfd8
16.Rac1 Rac8 17.c4 Ne5 18.Qxd7 Nxf3+ 19.gxf3 Rxd7 20.c5 Rdc7 21.cxb6 Rxc1
22.Rxc1 Rxc1+ 23.Bxc1 axb6 24.a4 Kf8 25.Be3 Bd8 26.Kf1 Ke7 27.Bf4 Kd7 28.Ke2 Kc6
29.Kd3 Kd5 30.Be5 g6 31.h3 h5 32.Kc3 f6 33.Bb8 f5 34.Be5 Bh4 35.Bc7 Kc6 36.Bg3 Bf6
37.Kc4 g5 38.Be5 Bxe5 39.dxe5 h4 40.Kd4 g4  0-1

[Event "chess.com Speed 5m+1spm 2018"]
[Site "chess.com INT"]
[Date "2018.12.02"]
[Round "4.8"]
[White "So,W"]
[Black "Nakamura,Hi"]
[Result "1-0"]
[WhiteElo "2780"]
[BlackElo "2777"]

1.e4 e5 2.Nf3 Nc6 3.Bc4 Bc5 4.O-O Nf6 5.d3 d6 6.c3 O-O 7.Re1 Re8 8.h3 h6
9.Nbd2 a5 10.Nf1 Be6 11.Bxe6 fxe6 12.Ng3 d5 13.Qc2 a4 14.Be3 Bxe3 15.Rxe3 d4
16.Ree1 a3 17.b4 dxc3 18.Qxc3 Qd6 19.b5 Nd4 20.Nxd4 exd4 21.Qc4 Nd7 22.Rac1 Ne5
23.Qb3 Kh8 24.f4 Ng6 25.e5 Qd7 26.Re4 Ra5 27.Rc5 b6 28.Rc6 Ne7 29.Qxe6 Qd5
30.Nf5 Rxb5 31.Nxe7 Rxe7 32.Qxe7 Qxc6 33.e6 Kh7 34.Qf8  1-0

[Event "chess.com Speed 3m+1spm 2018"]
[Site "chess.com INT"]
[Date "2018.12.02"]
[Round "4.18"]
[White "So,W"]
[Black "Nakamura,Hi"]
[Result "1/2-1/2"]
[WhiteElo "2780"]
[BlackElo "2777"]

1.e4 e5 2.Nf3 Nc6 3.Bc4 Bc5 4.O-O Nf6 5.d3 d6 6.c3 O-O 7.Re1 h6 8.Nbd2 a5
9.Nf1 Ne7 10.Ng3 Ng6 11.d4 exd4 12.cxd4 Bb4 13.Re2 d5 14.exd5 Bg4 15.Qb3 Bd6
16.h3 a4 17.Qc3 Bxf3 18.Qxf3 Bxg3 19.fxg3 Qd6 20.g4 c6 21.g5 hxg5 22.Bxg5 Nxd5
23.Rf1 Qb4 24.Qd3 Rae8 25.a3 Qd6 26.Ref2 Qe6 27.Qc2 Qe4 28.Qxa4 b5 29.Bxd5 Qxd5
30.Qa7 Qxg5 31.Rxf7 Qe3+ 32.Kh2 Re7 33.Rxf8+ Nxf8 34.Qa8 Rf7 35.Rxf7 Kxf7
36.Qb7+ Kg8 37.Qxc6 Qf4+ 38.Kh1 Qf1+ 39.Kh2 Qf4+ 40.Kh1  1/2-1/2

[Event "chess.com Speed 1m+1spm 2018"]
[Site "chess.com INT"]
[Date "2018.12.02"]
[Round "4.22"]
[White "So,W"]
[Black "Nakamura,Hi"]
[Result "1/2-1/2"]
[WhiteElo "2780"]
[BlackElo "2777"]

1.e4 e5 2.Nf3 Nc6 3.Bc4 Bc5 4.O-O Nf6 5.d3 d6 6.c3 O-O 7.Re1 h6 8.Nbd2 Be6
9.b4 Bb6 10.Bxe6 fxe6 11.Nc4 Ne7 12.h3 c6 13.a4 Bc7 14.Ne3 Ng6 15.Nf1 d5
16.Ng3 Qd7 17.Qc2 Rf7 18.Be3 a6 19.Rad1 Qe8 20.Bc1 Rf8 21.Re2 b5 22.axb5 axb5
23.Rde1 Qf7 24.Nf1 Ra1 25.Ng3 Raa8 26.Rd1 Nf4 27.Ree1 Nd7 28.Bxf4 exf4 29.Nf1 e5
30.d4 exd4 31.Nxd4 f3 32.Nxf3 dxe4 33.Qxe4 Ra2 34.Qe6 Nf6 35.Qxc6 Bb8 36.Ne3 Ba7
37.Qxb5 Ne4 38.Ra1 Nxf2 39.Rxa2 Qxa2 40.Kh2 Bb8+ 41.Kg1 Bg3 42.Qd5+ Qxd5
43.Nxd5 Nxh3+ 44.gxh3 Rxf3 45.Kg2 Rd3 46.Re3 Rxe3 47.Nxe3 Be1 48.Nd5 Kf7
49.Kf3 Ke6 50.Ke4 g5 51.c4 h5 52.c5 g4 53.hxg4 hxg4 54.b5 g3 55.Nf4+ Kd7
56.Kd5 Bd2 57.Ng2 Kc7 58.Kc4 Bg5 59.Ne1 Bd2 60.Ng2 Bg5 61.Kd5 Bd2 62.Nh4 Bg5
63.Ng2 Bd2  1/2-1/2

[Event "chess.com Speed 5m+1spm 2018"]
[Site "chess.com INT"]
[Date "2018.12.02"]
[Round "4.3"]
[White "Nakamura,Hi"]
[Black "So,W"]
[Result "1-0"]
[WhiteElo "2777"]
[BlackElo "2780"]

1.Nf3 d5 2.b3 Nf6 3.Bb2 e6 4.e3 Be7 5.c4 O-O 6.d4 c5 7.dxc5 dxc4 8.Qxd8 Rxd8
9.Bxc4 Ne4 10.Ke2 Nxc5 11.Rc1 Nbd7 12.Bd4 a6 13.b4 Na4 14.Bb3 b5 15.a3 Nab6
16.Ne5 Nxe5 17.Bxb6 Rd7 18.Bd4 Bf6 19.a4 bxa4 20.Bxa4 Rd8 21.Nd2 Bb7 22.f3 Rdc8
23.h3 g5 24.Nc4 Nxc4 25.Bxf6 h6 26.Bb3 Nb6 27.e4 Nd7 28.Bd4 Rxc1 29.Rxc1 Rc8
30.Rd1 Bc6 31.Ke3 Kf8 32.h4 Ke7 33.hxg5 hxg5 34.Rh1 e5 35.Bb2 Bb5 36.Rh7 Bc4
37.Bxc4 Rxc4 38.Kd3 Rxb4 39.Ba3 Nc5+ 40.Kd2 Rc4 41.Rh6 Kd7 42.Rf6 Ke8 43.Rf5 Nd7
44.Rxg5 f6 45.Rg8+ Kf7 46.Ra8 Rd4+ 47.Kc3 Ra4 48.Kb3 Ra5 49.Kb4 Rb5+ 50.Kc3 Rb6
51.Rc8 Ke6 52.g3 Kf7 53.f4 exf4 54.gxf4 f5 55.Rc7 Ke8 56.e5 Kd8 57.Ra7 Ke8
58.Kc4 Rc6+ 59.Kd5 Rb6 60.e6 Nf6+ 61.Ke5 Ng4+ 62.Kxf5 Ne3+ 63.Ke5 Nc4+ 64.Kf6  1-0

[Event "chess.com Speed 3m+1spm 2018"]
[Site "chess.com INT"]
[Date "2018.12.02"]
[Round "4.17"]
[White "Nakamura,Hi"]
[Black "So,W"]
[Result "1/2-1/2"]
[WhiteElo "2777"]
[BlackElo "2780"]

1.e4 e5 2.Nc3 Nf6 3.Bc4 Nc6 4.d3 Bb4 5.Ne2 d5 6.exd5 Nxd5 7.O-O Bxc3 8.bxc3 Be6
9.Bxd5 Qxd5 10.c4 Qd7 11.Ba3 O-O-O 12.Rb1 e4 13.Nf4 Bf5 14.Nd5 Rhe8 15.Qd2 f6
16.Qc3 b6 17.Rfe1 exd3 18.cxd3 Be6 19.Nf4 Bf7 20.Bb2 Rxe1+ 21.Rxe1 Ne5 22.Qa3 Kb7
23.h3 g5 24.Bxe5 fxe5 25.Nd5 Bxd5 26.cxd5 Qxd5 27.Qe7 h6 28.Qg7 Rd6 29.Rc1 Rc6
30.Rxc6 Qxc6 31.Qxe5 a5 32.g3 b5 33.f4 gxf4 34.gxf4 Qc1+ 35.Kf2 Qd2+ 36.Kg3 Qxd3+
37.Kh4 a4 38.f5 b4 39.f6 Qc4+ 40.Kh5 b3 41.axb3 axb3 42.Kg6 Qg8+ 43.Kxh6  1/2-1/2

[Event "10th London Classic 2018"]
[Site "London ENG"]
[Date "2018.12.11"]
[Round "1.1"]
[White "Caruana,F"]
[Black "Nakamura,Hi"]
[Result "1/2-1/2"]
[WhiteElo "2832"]
[BlackElo "2746"]

1.d4 Nf6 2.c4 e6 3.Nf3 d5 4.Nc3 Be7 5.Bf4 O-O 6.e3 b6 7.Qc2 Bb7 8.Rd1 Bd6
9.Bg3 Nbd7 10.cxd5 Nxd5 11.e4 Nxc3 12.bxc3 Bxg3 13.hxg3 e5 14.Bb5 c6 15.Be2 Qc7
16.g4 Rfe8 17.g5 Rad8 18.Kf1 b5 19.Rh4 a6 20.a4 Qa5 21.g6 hxg6 22.Ng5 Nf8
23.Rd3 Bc8 24.Qb3 Qc7 25.axb5 axb5 26.Rf3 Be6 27.d5 cxd5 28.exd5 Rxd5 29.Nxe6 fxe6
30.Rfh3 e4 31.Rxe4 Ra8 32.g3 Qc5 33.Re3 Ra3 34.Qb2 Qd6 35.Rh4 Ra4 36.Rhe4 Qa3
37.Qxa3 Rxa3 38.Bg4 Rc5 39.Bxe6+ Nxe6 40.Rxe6 Raxc3 41.Rxc3 Rxc3 42.Rxg6 b4
43.Rb6 b3 44.Kg2 Kf7 45.f4 g5 46.fxg5 Rc2+ 47.Kf3 b2 48.Kg4 Kg7 49.Rb7+ Kg6
50.Rb6+ Kg7 51.Rb7+ Kg6  1/2-1/2

[Event "10th London Classic 2018"]
[Site "London ENG"]
[Date "2018.12.12"]
[Round "1.2"]
[White "Nakamura,Hi"]
[Black "Caruana,F"]
[Result "1/2-1/2"]
[WhiteElo "2746"]
[BlackElo "2832"]

1.e4 e5 2.Nf3 Nf6 3.Nxe5 d6 4.Nf3 Nxe4 5.Nc3 Nxc3 6.dxc3 Be7 7.Be3 O-O 8.Qd2 Nd7
9.O-O-O c6 10.h4 d5 11.Kb1 Re8 12.Bd3 Bc5 13.Bd4 Bxd4 14.cxd4 Nf6 15.Rde1 Ne4
16.Qf4 Qf6 17.Qxf6 Nxf6 18.Kc1 Rxe1+ 19.Rxe1 Kf8 20.Kd2 h6 21.Ne5 Ng4 22.Nxg4 Bxg4
23.c3 Re8 24.Rxe8+ Kxe8 25.Ke3 g5 26.hxg5 hxg5 27.f3 Be6 28.f4 f6 29.g3 Ke7
30.a3 Bd7 31.Bc2 Be6 32.Bd3 Bd7 33.Bc2 Be6  1/2-1/2

[Event "10th London Classic 2018"]
[Site "London ENG"]
[Date "2018.12.13"]
[Round "1.3"]
[White "Nakamura,Hi"]
[Black "Caruana,F"]
[Result "1/2-1/2"]
[WhiteElo "2746"]
[BlackElo "2832"]

1.c4 e5 2.g3 Nf6 3.Bg2 c6 4.Nf3 e4 5.Nd4 Qb6 6.Nc2 d5 7.O-O dxc4 8.Nc3 Na6
9.d3 exd3 10.exd3 Be7 11.Re1 Be6 12.dxc4 O-O 13.Be3 Qa5 14.Bd2 Qb6 15.Na4 Qd8
16.b3 Re8 17.Bc3 Nc5 18.Bxf6 Qxd1 19.Raxd1 gxf6 20.Nc3 f5 21.Ne2 Bf6 22.Ned4 Rad8
23.Bh3 f4 24.Nxe6 Rxd1 25.Rxd1 Nxe6 26.Bxe6 Rxe6 27.Kf1 b5 28.cxb5 cxb5 29.gxf4 Re4
30.f5 Kg7 31.Rd5 a6 32.Rd6 Rh4 33.Ne3 a5 34.Ra6 a4 35.bxa4 bxa4 36.Kg2 Rd4
37.Kf3 h5 38.Ra5 Rh4 39.Kg2 Rf4 40.Kg3 Rb4 41.Nd5 Bh4+ 42.Kg2 Rd4 43.f6+ Kg6
44.Kf3 Bg5 45.h3 h4 46.Rb5 Bxf6 47.Ke3 Rd1 48.Nf4+ Kg7 49.Ra5 Rh1 50.Kf3 Rh2
51.Nh5+ Kg6 52.Nf4+ Kg7 53.Rxa4 Be5 54.Kg4 Rxf2 55.Nd3 Rg2+ 56.Kf5 Bg3 57.Nf4 Rf2
58.Kg4 Bxf4 59.Rxf4 Rxa2 60.Kxh4 Ra6 61.Rg4+ Kh7 62.Rf4 Kg7 63.Rg4+ Kh7 64.Rf4  1/2-1/2

[Event "10th London Classic 2018"]
[Site "London ENG"]
[Date "2018.12.13"]
[Round "1.5"]
[White "Nakamura,Hi"]
[Black "Caruana,F"]
[Result "0-1"]
[WhiteElo "2746"]
[BlackElo "2832"]

1.Nf3 d5 2.e3 Nf6 3.b3 e6 4.c4 Be7 5.Bb2 O-O 6.Nc3 c5 7.cxd5 Nxd5 8.Be2 b6
9.Nxd5 exd5 10.d4 a5 11.dxc5 bxc5 12.O-O Be6 13.Bb5 Qb6 14.Qe2 Nc6 15.Rac1 Rac8
16.Ne5 Nxe5 17.Bxe5 Rfd8 18.Rfd1 h6 19.h3 Bf8 20.Bd3 g6 21.Bf6 Rd7 22.Bb5 Ra7
23.Ba1 Bg7 24.Bxg7 Kxg7 25.Qb2+ Kg8 26.Be2 a4 27.Bf3 Rd8 28.Qf6 axb3 29.axb3 Rad7
30.Qc3 Rc8 31.Ra1 d4 32.exd4 Rxd4 33.Rab1 Rb4 34.Bd5 Bxd5 35.Rxd5 c4 36.Rbd1 Rxb3
37.Qe5 c3 38.Qe7 Rb1 39.Kh2 Rxd1 40.Rxd1 c2 41.Rd7 Qb8+ 42.g3 Qb3 43.Rd8+ Rxd8
44.Qxd8+ Kg7 45.Qd4+ Kh7 46.Qf4 Kg8 47.Qd2 Qb2  0-1

[Event "10th London Classic 2018"]
[Site "London ENG"]
[Date "2018.12.13"]
[Round "1.8"]
[White "Caruana,F"]
[Black "Nakamura,Hi"]
[Result "0-1"]
[WhiteElo "2832"]
[BlackElo "2746"]

1.d4 Nf6 2.c4 g6 3.Nc3 Bg7 4.e4 d6 5.h3 O-O 6.Be3 e5 7.d5 a5 8.g4 Na6 9.Nge2 Nd7
10.Qd2 Ndc5 11.Ng3 c6 12.Be2 cxd5 13.cxd5 a4 14.h4 Bd7 15.h5 Rc8 16.Kf1 a3
17.b3 Qa5 18.Rc1 f6 19.Kg2 Nb4 20.hxg6 hxg6 21.Bh6 Rf7 22.Rh2 Bxh6 23.Qxh6 Rg7
24.Rch1 Rf8 25.Qc1 Nbd3 26.Qd2 Nf4+ 27.Kg1 Kf7 28.Rh7 Rc8 29.Bc4 b5 30.Nge2 g5
31.Nxf4 gxf4 32.g5 Rg8 33.Be2 Kf8 34.Kf1 fxg5 35.f3 b4 36.Nd1 Nxb3 37.Qc2 Nd4
38.Qc1 b3 39.axb3 a2  0-1

[Event "10th London Classic 2018"]
[Site "London ENG"]
[Date "2018.12.15"]
[Round "2.1"]
[White "Nakamura,Hi"]
[Black "Vachier Lagrave,M"]
[Result "1/2-1/2"]
[WhiteElo "2746"]
[BlackElo "2781"]

1.d4 Nf6 2.c4 g6 3.Nc3 d5 4.cxd5 Nxd5 5.e4 Nxc3 6.bxc3 Bg7 7.Bc4 c5 8.Ne2 Nc6
9.Be3 O-O 10.O-O b6 11.Rc1 Bb7 12.Qd2 e6 13.Rfd1 Rc8 14.f3 cxd4 15.cxd4 Qd6
16.Bh6 Bxh6 17.Qxh6 Na5 18.Bd3 Rxc1 19.Qxc1 Rc8 20.Qd2 e5 21.d5 Nc4 22.Bxc4 Rxc4
23.Qe3 Rc2 24.a3 Ba6 25.Ng3 Qc5 26.Qxc5 Rxc5 27.d6 Rc8 28.a4 Bc4 29.a5 bxa5
30.d7 Rd8 31.Rc1 Be6 32.Ra1 Rxd7 33.Rxa5 f6 34.Nf1 Rd1 35.Kf2 a6 36.Ne3 Rd2+
37.Kg1 Rd6 38.h4 Kf7 39.g4 Bd7 40.g5 Bb5 41.Kf2 Ke6 42.gxf6 Kxf6 43.Nd5+ Kf7
44.Nc7 Rb6 45.Ke3 h6 46.Kf2 h5 47.Kg3 Be2 48.Kf2 Bb5 49.Kg3 Be2 50.Kf2 Bb5  1/2-1/2

[Event "10th London Classic 2018"]
[Site "London ENG"]
[Date "2018.12.16"]
[Round "2.2"]
[White "Vachier Lagrave,M"]
[Black "Nakamura,Hi"]
[Result "1/2-1/2"]
[WhiteElo "2781"]
[BlackElo "2746"]

1.e4 e5 2.Nf3 Nc6 3.Bb5 Nf6 4.O-O Nxe4 5.d4 Nd6 6.Bxc6 dxc6 7.dxe5 Nf5 8.Qxd8+ Kxd8
9.h3 Ke8 10.Nc3 h5 11.Bf4 Be7 12.Rad1 Be6 13.Ng5 Rh6 14.Rfe1 Bb4 15.a3 Bxc3
16.bxc3 h4 17.Ne4 Rg6 18.g4 hxg3 19.fxg3 Bd5 20.g4 Bxe4 21.Rxe4 Ne7 22.e6 f5
23.Re5 Nd5 24.Rxf5 Nxf4 25.Rxf4 Rxe6 26.Rdf1 Kd7 27.Rf7+ Re7 28.h4 Rh8 29.h5 Ke8
30.Rxe7+ Kxe7 31.Kg2 g6 32.hxg6 Rg8 33.Rf7+ Ke6 34.Rxc7 Rxg6 35.Kg3 Rg5 36.Kh4 Rc5
37.g5 Rxc3 38.g6 Rxc2 39.Kg5 Rg2+ 40.Kh6 Rh2+ 41.Kg7 Ra2 42.Kf8 Rxa3 43.Rxb7 Rf3+
44.Rf7 Rb3 45.Rc7 Rb8+ 46.Kg7 Kd5 47.Rxa7 c5 48.Kf7 c4 49.g7 c3 50.Rc7 Kd4
51.Rxc3 Kxc3 52.g8=Q Rxg8 53.Kxg8  1/2-1/2

[Event "10th London Classic 2018"]
[Site "London ENG"]
[Date "2018.12.17"]
[Round "2.7"]
[White "Vachier Lagrave,M"]
[Black "Nakamura,Hi"]
[Result "1/2-1/2"]
[WhiteElo "2781"]
[BlackElo "2746"]

1.e4 e5 2.Nf3 Nc6 3.Bb5 Nf6 4.O-O Nxe4 5.Re1 Nd6 6.Nxe5 Be7 7.Bf1 Nf5 8.Nf3 d5
9.d4 O-O 10.g3 Re8 11.Nc3 Be6 12.Ne2 g5 13.Bg2 h6 14.c3 Bf8 15.Nd2 Qd7 16.Nf1 Bg7
17.Ne3 Nxe3 18.Bxe3 Ne7 19.Nc1 Nf5 20.Bd2 b6 21.Nd3 f6 22.Qb3 c6 23.a4 Nd6
24.Qd1 Bg4 25.f3 Bf5 26.Nf2 Nc4 27.b3 Rxe1+ 28.Qxe1 Re8 29.Qc1 Nxd2 30.Qxd2 Qe7
31.Bf1 Qd6 32.Bd3 Bd7 33.Re1 Rxe1+ 34.Qxe1 Qe6 35.Qxe6+ Bxe6 36.Nd1 Bf8 37.Kf2 f5
38.f4 Kf7 39.Ne3 Kf6 40.Ng2 Ba3 41.Ke2 Bf7 42.Kd2 Bd6 43.Ke3 Bh5 44.Be2 Bf7
45.Bd3 Bh5 46.Be2 Bf7 47.Bd3  1/2-1/2

[Event "10th London Classic 2018"]
[Site "London ENG"]
[Date "2018.12.17"]
[Round "2.6"]
[White "Nakamura,Hi"]
[Black "Vachier Lagrave,M"]
[Result "1/2-1/2"]
[WhiteElo "2746"]
[BlackElo "2781"]

1.Nf3 c5 2.c4 Nf6 3.Nc3 d5 4.cxd5 Nxd5 5.e3 Nxc3 6.bxc3 g6 7.Bb5+ Bd7 8.Be2 Bg7
9.O-O O-O 10.d4 Bc6 11.Ba3 cxd4 12.cxd4 Re8 13.Ne5 Qa5 14.Nxc6 Qxa3 15.Ne5 Bxe5
16.dxe5 e6 17.Rb1 Nc6 18.Rxb7 Qxa2 19.f4 Red8 20.Qe1 Rab8 21.Rxb8 Rxb8 22.Bf3 Ne7
23.Qc3 Rc8 24.Qd3 Nd5 25.Bxd5 exd5 26.Rd1 Rc5 27.Qd4 Qc4 28.Ra1 a5 29.h3 Qxd4
30.exd4 Rc4 31.Rxa5 Rxd4 32.g3 h5 33.h4 Rd2 34.Ra7 d4 35.Ra8+ Kg7 36.Rd8 Rd1+
37.Kf2 Rd2+ 38.Kf3 Rd3+ 39.Kf2 Rd2+ 40.Kf3 Rd3+ 41.Kf2 Rd2+  1/2-1/2

[Event "10th London Classic 2018"]
[Site "London ENG"]
[Date "2018.12.17"]
[Round "2.4"]
[White "Nakamura,Hi"]
[Black "Vachier Lagrave,M"]
[Result "1/2-1/2"]
[WhiteElo "2746"]
[BlackElo "2781"]

1.Nf3 c5 2.c4 Nf6 3.Nc3 d5 4.cxd5 Nxd5 5.e3 Nxc3 6.bxc3 g6 7.Bb5+ Bd7 8.Be2 Bg7
9.O-O O-O 10.d4 Bc6 11.Ba3 cxd4 12.cxd4 Re8 13.Ne5 Qa5 14.Qb3 Bxe5 15.dxe5 Qxe5
16.Bc4 Rf8 17.f4 Qe4 18.Rf2 Nd7 19.Rd1 b5 20.Be2 Qa4 21.Qxa4 bxa4 22.Rc1 Bd5
23.Ba6 Rab8 24.Rd2 Be6 25.Bxe7 Rfe8 26.Bd6 Rb6 27.Bf1 Bf5 28.Bc7 Rb7 29.Ba6 Rb4
30.Ba5 Rbb8 31.Bc7 Rb4 32.Ba5 Rbb8 33.h3 h5 34.Bc7 Rb4 35.Ba5 Rbb8 36.Bc7 Rb4
37.Bd6 Rb6 38.Bc8 Nf6 39.Bxf5 gxf5 40.Be5 Ne4 41.Rd7 a6 42.Bd4 Rbb8 43.Rc6 Re6
44.Rcc7 Rf8 45.Rd5 Ng3 46.Kf2 h4 47.Kf3 a3 48.Rdd7 Ne4 49.Rd5 Ng3 50.Rdd7 Ne4
51.Ke2 Rg6 52.Kf1 Rb8 53.Rb7 Rc8 54.Rdc7 Rc6 55.Rxc6 Rxc6 56.Rb8+ Kh7 57.Rh8+ Kg6
58.Rg8+ Kh6 59.Rh8+ Kg6 60.Rg8+ Kh6 61.Rh8+  1/2-1/2

[Event "10th London Classic 2018"]
[Site "London ENG"]
[Date "2018.12.17"]
[Round "2.5"]
[White "Vachier Lagrave,M"]
[Black "Nakamura,Hi"]
[Result "1/2-1/2"]
[WhiteElo "2781"]
[BlackElo "2746"]

1.c4 Nf6 2.Nc3 e6 3.Nf3 d5 4.e3 Be7 5.Be2 O-O 6.O-O c5 7.cxd5 Nxd5 8.Qc2 Nc6
9.b3 Nxc3 10.dxc3 b6 11.Rd1 Qc7 12.e4 Bb7 13.g3 Rad8 14.Bf4 Qc8 15.h4 Rxd1+
16.Rxd1 Rd8 17.e5 Rxd1+ 18.Qxd1 Bd8 19.Bd3 h6 20.Be4 Bc7 21.Qd3 Ne7 22.h5 Bc6
23.c4 Qa8 24.Bxc6 Qxc6 25.g4 Qa8 26.Kg2 g5 27.Qd7 Qd8 28.Qxd8+ Bxd8 29.Bd2 Nc6
30.Bc3 Bc7 31.Kf1 f6 32.exf6 Kf7 33.Ke2 e5 34.Kd3 Kxf6 35.Ke4 Ke6 36.Nd2 Nb8
37.Kd3 Nd7 38.Ne4 Nf6 39.Nxf6 Kxf6 40.Ke4 Ke6 41.b4 Bd6 42.b5 Bc7 43.a4 Bd6
44.a5 Bc7 45.a6 Bd6 46.Bd2 Be7 47.Ba5 Bd8 48.Bc3 Bc7 49.f3 Bd6 50.Be1 Bb8
51.Bd2 Bd6 52.Be3 Be7 53.Bc1 Bd6 54.Bd2 Be7 55.Ba5 Bd8 56.Be1 Be7 57.Bf2 Bd6
58.Bg3 Bc7 59.Be1 Bd6 60.Bd2 Be7 61.Be3  1/2-1/2

[Event "10th London Classic 2018"]
[Site "London ENG"]
[Date "2018.12.17"]
[Round "2.3"]
[White "Vachier Lagrave,M"]
[Black "Nakamura,Hi"]
[Result "1/2-1/2"]
[WhiteElo "2781"]
[BlackElo "2746"]

1.e4 e5 2.Nf3 Nc6 3.Bb5 Nf6 4.O-O Nxe4 5.d4 Nd6 6.Bxc6 dxc6 7.dxe5 Nf5 8.Qxd8+ Kxd8
9.h3 Ke8 10.Nc3 h5 11.Ne2 b6 12.Bg5 c5 13.Nc3 Bb7 14.Rfd1 Bxf3 15.gxf3 c6
16.Rd3 Be7 17.Ne4 Rd8 18.Rad1 Rxd3 19.Rxd3 Bxg5 20.Nxg5 Ke7 21.Kf1 h4 22.f4 f6
23.Ne4 Ke6 24.Nd6 Ne7 25.f5+ Nxf5 26.Nxf5 Kxf5 27.exf6 gxf6 28.Rd7 Ra8 29.Rc7 Rd8
30.Ke2 Re8+ 31.Kf1 Rd8 32.Ke2 Re8+ 33.Kf1  1/2-1/2

[Event "World Blitz 2018"]
[Site "St Petersburg RUS"]
[Date "2018.12.29"]
[Round "1.2"]
[White "Frolyanov,D"]
[Black "Nakamura,Hi"]
[Result "0-1"]
[WhiteElo "2517"]
[BlackElo "2746"]

1.e4 d5 2.exd5 Qxd5 3.Nc3 Qd8 4.d4 Nf6 5.Nf3 g6 6.Be2 Bg7 7.O-O O-O 8.Bg5 h6
9.Bf4 Nc6 10.Re1 b6 11.Bc4 Bb7 12.Ne5 e6 13.Nxc6 Bxc6 14.Be5 Qd7 15.Be2 b5
16.Bf3 b4 17.Bxc6 Qxc6 18.Ne2 Rad8 19.Ng3 Nd7 20.Bxg7 Kxg7 21.Qe2 Nf6 22.Rad1 Rd5
23.Rd3 Rfd8 24.Red1 Qa6 25.a3 bxa3 26.Rxa3 Qb6 27.Rb3 Qd6 28.Rbd3 Rb5 29.b3 Ra5
30.h3 Ra2 31.R3d2 Qc6 32.Qe5 Rd5 33.Qe2 Rda5 34.Nf1 Nd5 35.Qe5+ Kg8 36.c4 Nc3
37.d5 Nxd1 38.Rxd1 Qb6 39.Qf6 exd5 40.Qd8+ Kg7 41.Ne3 dxc4 42.Rd7 Qf6 43.Qxf6+ Kxf6
44.Nxc4 Rc5 45.Ne3 Rc1+ 46.Kh2 Ke5  0-1

[Event "World Blitz 2018"]
[Site "St Petersburg RUS"]
[Date "2018.12.29"]
[Round "2.2"]
[White "Nakamura,Hi"]
[Black "Sarana,A"]
[Result "1/2-1/2"]
[WhiteElo "2746"]
[BlackElo "2618"]

1.Nf3 d5 2.b3 Nf6 3.Bb2 g6 4.Bxf6 exf6 5.e3 Bg7 6.g3 Nd7 7.Bg2 f5 8.d4 Nf6
9.O-O h5 10.c4 c6 11.Nc3 Ne4 12.Rc1 Be6 13.Ne2 g5 14.cxd5 cxd5 15.Qd3 a6
16.Ne5 h4 17.Nc3 Qd6 18.Rfd1 Rd8 19.Na4 hxg3 20.hxg3 Bxe5 21.dxe5 Qxe5 22.Qd4 Qxd4
23.Rxd4 Ke7 24.Nb6 Rd6 25.Rc7+ Kf6 26.Rxb7 Rc6 27.Nxd5+ Bxd5 28.Rxd5 Rc1+
29.Bf1 g4 30.Rb6+ Kg5 31.Rb4 Nc3 32.Re5 Kf6 33.Ra5 Kg5 34.e4 Rd8 35.Rxf5+ Kg6
36.Rb6+ Kg7 37.Rb7 Rdd1 38.Rfxf7+ Kg6 39.Rg7+ Kf6 40.Rbf7+ Ke6 41.Re7+ Kf6
42.Ref7+ Ke6 43.Re7+ Kf6  1/2-1/2

[Event "World Blitz 2018"]
[Site "St Petersburg RUS"]
[Date "2018.12.29"]
[Round "3.16"]
[White "Roiz,M"]
[Black "Nakamura,Hi"]
[Result "0-1"]
[WhiteElo "2605"]
[BlackElo "2746"]

1.Nf3 d5 2.d4 Nf6 3.c4 e6 4.g3 Be7 5.Bg2 O-O 6.Nc3 dxc4 7.Ne5 Nc6 8.Bxc6 bxc6
9.Nxc6 Qe8 10.Nxe7+ Qxe7 11.Qa4 c5 12.dxc5 Qxc5 13.Be3 Qc7 14.f3 Nd5 15.Bd4 a5
16.Nxd5 exd5 17.Kf2 Bd7 18.Qa3 a4 19.Rad1 Rfe8 20.Rd2 Bc6 21.Qc3 f6 22.a3 Rab8
23.Bc5 Rb3 24.Qd4 Qe5 25.Bb4 Qxd4+ 26.Rxd4 Rxb2 27.Rd2 Rxd2 28.Bxd2 d4 29.Bb4 c3
30.Re1 Bb5 31.e3 c2 32.Bd2 d3 33.e4 Ba6 34.Ke3 Rc8 35.Rc1 Kf7 36.Bb4 h5 37.Kd2 g5
38.Re1 Rc4 39.Bc3 Rc5 40.Bd4 Rb5 41.e5 fxe5 42.Bxe5 Rb1 43.Rc1 Ke6 44.f4 g4
45.Bc3 Kf5  0-1

[Event "World Blitz 2018"]
[Site "St Petersburg RUS"]
[Date "2018.12.29"]
[Round "4.7"]
[White "Nakamura,Hi"]
[Black "Oparin,G"]
[Result "1-0"]
[WhiteElo "2746"]
[BlackElo "2613"]

1.Nf3 Nf6 2.b3 b6 3.Bb2 Bb7 4.g3 e6 5.Bg2 Be7 6.c4 O-O 7.O-O d5 8.cxd5 Nxd5
9.d4 Nd7 10.a3 a5 11.Nbd2 c5 12.Nc4 cxd4 13.Nxd4 Nc5 14.Qc2 Rc8 15.Rad1 Qe8
16.Qb1 Nxb3 17.Nxb6 Nxd4 18.Bxd4 Rd8 19.Be4 f5 20.Bf3 Bc6 21.Nc4 a4 22.Qa2 Bb5
23.Ne3 Kh8 24.Nxd5 exd5 25.Rfe1 Bc4 26.Qb2 Qg6 27.Be5 f4 28.Rd4 Bd6 29.Bxd6 Rxd6
30.Qb4 fxg3 31.hxg3 Rdf6 32.Qxa4 Ra6 33.Qb4 Rfa8 34.Rxc4 dxc4 35.Bxa8 Rxa8
36.Qxc4 h6 37.a4 Qf6 38.Rd1 Qe5 39.e3 Qf6 40.Rd4 Qf3 41.Rf4 Qd1+ 42.Kg2 Rb8
43.Qd4 Qb1 44.Rf7 Qg6 45.Rd7 Rb1 46.Rd8+ Kh7 47.Qd3  1-0

[Event "World Blitz 2018"]
[Site "St Petersburg RUS"]
[Date "2018.12.29"]
[Round "5.3"]
[White "Vitiugov,N"]
[Black "Nakamura,Hi"]
[Result "1/2-1/2"]
[WhiteElo "2719"]
[BlackElo "2746"]

1.d4 Nf6 2.Bg5 c5 3.Bxf6 gxf6 4.d5 Qb6 5.Qc1 Bg7 6.c4 f5 7.Nc3 d6 8.e3 Nd7
9.Nh3 Nf6 10.Be2 Ne4 11.O-O Nxc3 12.bxc3 Qa5 13.Rb1 Qxc3 14.Qd1 b6 15.Nf4 Bd7
16.Nh5 Bh6 17.Bd3 Rg8 18.Qe2 Kd8 19.Rfe1 Kc7 20.g3 e6 21.Rbc1 Qh8 22.Qf3 Rg5
23.dxe6 fxe6 24.Nf4 Rgg8 25.Bf1 Bxf4 26.Bg2 Rab8 27.exf4 Rge8 28.Rcd1 Qf8
29.Qa3 a5 30.Rd2 Bc6 31.Bxc6 Kxc6 32.Rde2 Qf7 33.Qa4+ Kc7 34.Rb1 Qd7 35.Qc2 d5
36.Rd1 d4 37.a4 Qc6 38.Re5 Rbd8 39.Rd3 h5 40.h4 Rg8 41.Qd1 Rg4 42.Kh2 Rdg8
43.Rf3 d3 44.Qxd3 Rd8 45.Qe2 Rd6 46.Rfe3 Kd7 47.Rd3 Rxd3 48.Qxd3+ Kc7 49.Qe2 Kd7
50.Re3 Ke7 51.Qb2 Rg8 52.Rb3 Kf7 53.Rxb6 Qf3 54.Rb7+ Kg6 55.Re7 Qe4 56.Rc7 Qd4
57.Qe2 Qd6 58.Rb7 Rd8 59.Rb5 Qc6 60.Rb3 Rd4 61.Re3 Rd6 62.Qb2 Rd1 63.f3 Qd6
64.Re2 Rd3 65.Qh8 Rd2 66.Qg8+ Kf6 67.Qg5+ Kf7 68.Qxh5+ Kg7 69.Qg5+ Kf7 70.Qh5+ Kg7
71.Qg5+ Kf7 72.Rxd2 Qxd2+ 73.Kh3 Qd1 74.Qh5+ Kg7 75.Qg5+ Kf7  1/2-1/2